C.S. Lewis's case for the Christian faith /

Bibliographic Details
Main Author: Purtill, Richard L., 1931-
Format: Book
Language:English
Published: San Francisco : Harper & Row, [1981]
Edition:1st ed.
Subjects:

MARC

Tag First Indicator Second Indicator Subfields
LEADER 00000cam a22000008a 4500
001 in00000069931
005 20151008055921.0
008 810720s1981 cau b 00110 eng
010 |a  81047435  
020 |a 0060667117 
035 |a (OCoLC)07672821 
035 |9 AAJ4714AM 
039 0 |a 2  |b 3  |c 3  |d 3  |e 3 
040 |a DLC  |c DLC  |d TXA  |d UtOrBLW 
049 |a TXAM  |c [1804932] 
050 0 0 |a BT1117  |b .P87 1981 
082 0 |a 230/.092/4  |2 19 
100 1 |a Purtill, Richard L.,  |d 1931- 
245 1 0 |a C.S. Lewis's case for the Christian faith /  |c Richard L. Purtill. 
250 |a 1st ed. 
263 |a 8110 
264 1 |a San Francisco :  |b Harper & Row,  |c [1981] 
264 4 |c ©1981 
300 |a xi, 146 pages ;  |c 22 cm. 
336 |a text  |b txt  |2 rdacontent 
337 |a unmediated  |b n  |2 rdamedia 
338 |a volume  |b nc  |2 rdacarrier 
500 |a Includes index. 
504 |a Bibliography: pages [141]-144. 
600 1 0 |a Lewis, C. S.  |q (Clive Staples),  |d 1898-1963. 
650 0 |a Apologetics  |x History  |y 20th century. 
999 |a MARS 
999 f f |s 5a478738-3565-31b8-9e1b-f2b5afcfbad9  |i ceac9393-06bd-3b9e-a76c-43442f148a64  |t 0 
952 f f |p ric  |a Texas A&M University  |b Rellis Campus  |c Joint Library Facility  |d Remote Storage  |t 0  |e BT1117 .P87 1981  |h Library of Congress classification  |i unmediated -- volume  |m A14806092248 
998 f f |a BT1117 .P87 1981  |t 0  |l Remote Storage